Carregant...

Handbook Of PTSD; science and practice.

Dades bibliogràfiques
Autor principal: Matthew J Friedman
Altres autors: Trence M Keane, Patricia A Resick
Format: Printed Book
Publicat: New York; Guilfoed Press: 2014.
Edició:IInd ed.
LEADER 00549nam a22001697a 4500
020 |a 9781462516179 
082 |a 616.852 1  |b Q4 
100 |a Matthew J Friedman  |9 38940 
245 |a Handbook Of PTSD;  |b science and practice. 
250 |a IInd ed. 
260 |a New York;  |b Guilfoed Press:  |c 2014. 
300 |a 735p. 
700 |a Trence M Keane  |9 38941 
700 |a Patricia A Resick  |9 38942 
942 |c BK 
999 |c 90662  |d 90662 
952 |0 0  |1 0  |4 0  |6 616_852000000000000_1_Q4  |7 0  |9 83250  |a SBES  |b SBES  |d 2016-08-23  |l 0  |o 616.852 1 Q4  |p SBES03265  |r 2016-08-23  |w 2016-08-23  |y BK